Kluby piłkarskie Liberii - nagła śmierć - Statystyki

Ogólne statystyki
  • Ten quiz został rozwiązany 7 razy
  • Średni wynik to 2 z 12
Answers on the Grid
Answers color-coded by a green-red scale on the quiz's grid according to % correct below.
Bantu FC
FC Bea Mountain
Nimba Kwado FC
Mighty Blackpool FC
Black Man Warrior FC
Mighty Barolle
Bumamuru FC
Invincible Eleven
LISCR FC
Rivers United FC
Paynesville FC
Dreams FC
LPRC Oilers
Watanga FC
FC Fassell
Freetown City
Freeport FC
Global Pharma FC
 
Statystyki odpowiedzi
Odpowiedź % Poprawnych
Freeport FC
67%
Black Man Warrior FC
33%
LISCR FC
33%
Mighty Barolle
33%
FC Bea Mountain
0%
FC Fassell
0%
Global Pharma FC
0%
Invincible Eleven
0%
LPRC Oilers
0%
Nimba Kwado FC
0%
Paynesville FC
0%
Watanga FC
0%
Nie znaleziono quizów pasujących do podanych kryteriów
Rozkład punktacji
Procent ludzi z każdym wynikiem
Percentyl według liczby udzielonych odpowiedzi
Twoja historia wyników
Nie rozwiązałeś tego quizu